| 000 | 00652 a2200193 4500 | ||
|---|---|---|---|
| 999 |
_c8495 _d8495 |
||
| 005 | 20190214145010.0 | ||
| 010 | _aENG-88485 | ||
| 020 |
_a0195683986 _c695.00 |
||
| 035 | _aEN-72018 | ||
| 037 | _bDBAD / PUB | ||
| 082 | _a863.16 | ||
| 100 | _aMitra, Priti Kumar | ||
| 245 |
_aThe dissent of Nazrul Islam: _cby Priti Kumar Mitra _bpoetry and history/ |
||
| 260 |
_aNew Delhi _bOxford University Press _c2007 |
||
| 270 |
_aYMCA Library Building, Jai Singh Road _bNew Delhi _e110 001 |
||
| 300 |
_axxiii, 330p. _c22cm (Hb ) _bb&w photos |
||
| 500 | _aIncludes bibliographical references and index | ||
| 942 |
_adpl _cEN _2ddc _h863.17 _mMIT |
||